A CONCISE TEXTBOOK OF SURGERY (Record no. 8406)

MARC details
000 -LEADER
fixed length control field 00429nam a22001817a 4500
005 - DATE AND TIME OF LATEST TRANSACTION
control field 20230821120504.0
008 - FIXED-LENGTH DATA ELEMENTS--GENERAL INFORMATION
fixed length control field 230818b |||||||| |||| 00| 0 eng d
020 ## - INTERNATIONAL STANDARD BOOK NUMBER
ISBN 978-81-905-681-2-8
041 ## - LANGUAGE CODE
Language code of text/sound track or separate title eng
082 ## - DEWEY DECIMAL CLASSIFICATION NUMBER
Classification number 617 -DAS-C
100 ## - MAIN ENTRY--AUTHOR NAME
Personal name DAS, SOMEN
245 ## - TITLE STATEMENT
Title A CONCISE TEXTBOOK OF SURGERY
250 ## - EDITION STATEMENT
Edition statement 11TH, ED. 2020
260 ## - PUBLICATION, DISTRIBUTION, ETC. (IMPRINT)
Place of publication KOLKATA
Name of publisher SD
Year of publication 2020
300 ## - PHYSICAL DESCRIPTION
Number of Pages 1421;p
650 ## - SUBJECT ADDED ENTRY--TOPICAL TERM
Topical Term BPT
942 ## - ADDED ENTRY ELEMENTS (KOHA)
Koha item type Books
Holdings
Lost status Damaged status Collection code Home library Current library Shelving location Date acquired Source of acquisition Cost, normal purchase price Full call number Accession Number Koha item type
    Reference JRU Library JRU Library SHELF-8-A 05/08/2023 PURCHASE [LBI] 1498.00 617 27950 Books
    PHYSIOTHERAPY JRU Library JRU Library SHELF-20-H 05/08/2023 PURCHASE [LBI] 1498.00 617 27951 Books
    PHYSIOTHERAPY JRU Library JRU Library SHELF-20-H 05/08/2023 PURCHASE [LBI] 1498.00 617 27952 Books
    PHYSIOTHERAPY JRU Library JRU Library Shelf - 26- E 05/08/2023 PURCHASE [LBI] 1498.00 617 27953 Books
    PHYSIOTHERAPY JRU Library JRU Library SHELF-20-H 05/08/2023 PURCHASE [LBI] 1498.00 617 27954 Books